Planetas do Sistema Solar - Statistics

Estatísticas Gerais
  • Esse quiz foi jogado 194 vezes
  • A pontuação média é 7 de 8
Estatísticas das Respostas
Planeta % Correto
Terra
99%
Marte
98%
Saturno
98%
Venus
96%
Jupiter
94%
Mercurio
94%
Urano
91%
Neptuno
41%
Nenhum quiz correspondente encontrado
Distribuição das Pontuações
Porcentagem de Pessoas com Cada Pontuação
Percentil de Números Respondidos
Sua Pontuação Histórica
Você não jogou esse quiz